LEADER 02480nam 2200565 a 450 001 9910779126103321 005 20161219111330.0 010 $a1-5063-2077-5 010 $a1-4522-3239-3 010 $a1-4522-6423-6 035 $a(CKB)2550000000105661 035 $a(EBL)996778 035 $a(OCoLC)809772631 035 $a(SSID)ssj0000704620 035 $a(PQKBManifestationID)12287420 035 $a(PQKBTitleCode)TC0000704620 035 $a(PQKBWorkID)10719276 035 $a(PQKB)10773769 035 $a(MiAaPQ)EBC996778 035 $a(OCoLC)1007858958 035 $a(StDuBDS)EDZ0000063642 035 $a(EXLCZ)992550000000105661 100 $a20120319d2005 fy| 0 101 0 $aeng 135 $aur||||||||||| 181 $ctxt 182 $cc 183 $acr 200 00$aChildren's play$b[electronic resource] /$fW. George Scarlett ... [et al.] 210 $aThousand Oaks, [Calif.] ;$aLondon $cSAGE$dc2005 215 $a1 online resource (xiii, 279 p.) $cill 300 $aDescription based upon print version of record. 311 $a1-322-30648-6 311 $a0-7619-2999-1 320 $aIncludes bibliographical references (p. 247-268) and indexes. 327 $aCOVER; CONTENTS; PREFACE; 1: INTRODUCTION; PART I: The Development of Play From Infancy Through Late Childhood; 2 - THE EMERGENCE OF PLAY IN INFANCY AND THE TODDLER YEARS; 3 - PLAY IN EARLY CHILDHOOD; 4 - PLAY IN LATE CHILDHOOD; 5 - CHILDREN'S HUMOR; PART II: Revolutions in How Today's Children Play; 6 - ELECTRONIC PLAY; 7 - ORGANIZED YOUTH SPORTS; PART III: Major Settings for Children's Play; 8 - HOME AND OUTDOOR PLAY; 9 - SCHOOLING AND PLAY; PART IV: Therapeutic Uses of Play; 10 - RESTORATIVE PLAY IN STRESSFUL ENVIRONMENTS; 11 - PLAY THERAPY; WEB RESOURCES; REFERENCES; NAME INDEX 327 $aSUBJECT INDEXABOUT THE AUTHORS 330 8 $a'Children's Play' explores the many facets of play and how it develops from infancy through late childhood. The authors discuss major revolutions in the way the children of today engage in play, including changes in organised youth sports children's humour, and electronic play. 606 $aPlay 606 $aChild development 615 0$aPlay. 615 0$aChild development. 676 $a649.5 701 $aScarlett$b W. George$01488986 801 0$bStDuBDS 801 1$bStDuBDS 906 $aBOOK 912 $a9910779126103321 996 $aChildren's play$93765136 997 $aUNINA LEADER 03141nam 22006375 450 001 9910484284603321 005 20250609111029.0 010 $a9783030488680 010 $a3030488683 024 7 $a10.1007/978-3-030-48868-0 035 $a(CKB)4100000011457911 035 $a(MiAaPQ)EBC6353510 035 $a(DE-He213)978-3-030-48868-0 035 $a(Perlego)3482134 035 $a(MiAaPQ)EBC6353367 035 $a(iGPub)SPNA0069995 035 $a(EXLCZ)994100000011457911 100 $a20200918d2020 u| 0 101 0 $aeng 135 $aurnn|008mamaa 181 $ctxt$2rdacontent 182 $cc$2rdamedia 183 $acr$2rdacarrier 200 10$aTabloid Journalism and Press Freedom in Africa /$fby Brian Chama 205 $a1st ed. 2020. 210 1$aCham :$cSpringer International Publishing :$cImprint: Palgrave Macmillan,$d2020. 215 $a1 online resource (X, 184 p.) 311 08$a9783030488673 311 08$a3030488675 320 $aIncludes bibliographical references and indexes. 327 $a1. Introduction -- 2. Tabloids in Southern Africa and emerging cyberspace laws -- 3. Public order and national security laws impact on tabloids in North Africa -- .Chapter 4 The impact of defamation laws on tabloids in West Africa -- 5. False news laws impact on tabloids in East Africa -- 6. Sedition and treason laws and effect on tabloids in Central Africa -- 7. The Final Word. 330 $aThis book studies tabloid journalism newspapers within the broader context of press freedom in Africa. After defining tabloid journalism and professional practices within various political contexts, the book then proceeds to consider tabloids in Southern Africa and emerging cyberspace laws. Many factors of press freedom are considered, including the impact of public order and national security laws on tabloids in North Africa, the impact of defamation laws on tabloids in West Africa, the impact of the fake news laws on tabloids in East Africa, and the impact of sedition and treason laws on tabloids in Central Africa. Exploring tabloid journalism and press freedom in Arabic, Portuguese, and Francophone speaking countries across Africa, this book is a unique addition to this emerging field. The book concludes by providing a synthesis of the developing patterns from the cases analysed and by looking to the future to make recommendations and map the challenges and the successes. 606 $aJournalism 606 $aCommunication 606 $aEthnology$zAfrica 606 $aCulture 606 $aJournalism 606 $aMedia and Communication 606 $aAfrican Culture 615 0$aJournalism. 615 0$aCommunication. 615 0$aEthnology 615 0$aCulture. 615 14$aJournalism. 615 24$aMedia and Communication. 615 24$aAfrican Culture. 676 $a079.6 676 $a301 700 $aChama$b Brian$01060566 801 0$bMiAaPQ 801 1$bMiAaPQ 801 2$bMiAaPQ 906 $aBOOK 912 $a9910484284603321 996 $aTabloid journalism and press freedom in Africa$92851837 997 $aUNINA